000 00383nam a2200157Ia 4500
008 230917s9999||||xx |||||||||||||| ||und||
040 _e135454
_aMAIN
041 _aEnglish
082 _a300.72 B846S
100 _aBryman, Alan
245 0 _aSocial research methods
250 _a3rd ed.
260 _aNew York
_bOxford University Press
_c2008
300 _a748 p.
942 _cBK
999 _c152440
_d152440